Every spiral of fate / (Record no. 9639)

MARC details
000 -LEADER
fixed length control field 01882nam a22002297a 4500
001 - CONTROL NUMBER
control field 9639
003 - CONTROL NUMBER IDENTIFIER
control field FISKH
005 - DATE AND TIME OF LATEST TRANSACTION
control field 20260127120250.0
008 - FIXED-LENGTH DATA ELEMENTS--GENERAL INFORMATION
fixed length control field 260127b cb ||||| |||| 00| 0 eng d
020 ## - INTERNATIONAL STANDARD BOOK NUMBER
International Standard Book Number 9780008629212
040 ## - CATALOGING SOURCE
Original cataloging agency FISKH
Language of cataloging eng
Transcribing agency FISKH
Modifying agency FISKH
082 ## - DEWEY DECIMAL CLASSIFICATION NUMBER
Classification number 813.6
100 ## - MAIN ENTRY--PERSONAL NAME
Personal name Mafi, Tahereh
245 ## - TITLE STATEMENT
Title Every spiral of fate /
Statement of responsibility, etc. Tahereh Mafi
260 ## - PUBLICATION, DISTRIBUTION, ETC.
Place of publication, distribution, etc. London :
Name of publisher, distributor, etc. Electric Monkey,
Date of publication, distribution, etc. 2025.
300 ## - PHYSICAL DESCRIPTION
Extent 468 pages :
Dimensions 22 cm
490 ## - SERIES STATEMENT
Series statement This Woven Kingdom :
Volume/sequential designation Book four
520 ## - SUMMARY, ETC.
Summary, etc. At long last, the wedding day has arrived.<br/><br/>The Jinn queen and the enigmatic ruler of Tulan are to be married in a magical, enchanted ceremony�but Cyrus, tethered by a blood oath to his bride-to-be, can find nothing to celebrate in this union. He's falling ever more deeply in love with the one person oathbound to kill him.<br/><br/>Sworn to an ancient, unbreakable magic, Alizeh can only fulfill the prophecy to free her people by ensuring Cyrus dies by her own hand. And Cyrus is forced to await his end all while Prince Kamran inches closer, ready to take his place by Alizeh's side.<br/><br/>The countdown to murder coils tensions ever tighter, but the historic wedding has already drawn deadly attention. To prepare for war and protect her people, Alizeh must finally discover her magic—and outrun the enemies trying to stop her.<br/><br/>Alizeh and Cyrus, along with Kamran and their friends from Ardunia, must flee on dragon-back to begin the perilous journey into the legendary mountains of Arya, where a firestorm of revelations, magical discoveries, and fresh allies awaits them. Every allegiance will be tested, every darkness uncovered, and when the shattering secrets of the Tulanian king are finally revealed . . .<br/><br/>Nothing, and no one, will be the same.<br/>
650 ## - SUBJECT ADDED ENTRY--TOPICAL TERM
Topical term or geographic name entry element Fantasy
Form subdivision This Woven Kingdom
General subdivision Imported magic
Chronological subdivision Mythology
942 ## - ADDED ENTRY ELEMENTS (KOHA)
Source of classification or shelving scheme Dewey Decimal Classification
Koha item type Books
Suppress in OPAC No
Holdings
Withdrawn status Lost status Source of classification or shelving scheme Damaged status Not for loan Collection Home library Current library Shelving location Date acquired Total Checkouts Full call number Barcode Date last seen Copy number Price effective from Koha item type
    Dewey Decimal Classification     Fiction Footprints International School Library Network Toul Kork Campus Footprints International School Library Network Toul Kork Campus A TK Campus, 4th Floor, Room B401, Fiction Bookcases (1-6) 01/27/2026   MAF 813.6 2026-0156 01/27/2026 1 01/27/2026 Books